Événement historique par date - Statistiques

Statistiques générales
  • Ce quiz a été pris 23 fois
  • Le résultat moyen est 6 sur 21
Statistiques - réponses
Événement Année % Correct
Découverte de l'Amérique par Christophe Colomb 1492
90%
Assassinat de l'archiduc François Ferdinand d'Autriche à Sarajevo 1914
67%
La tour Eiffel est inaugurée 1889
52%
Charles Martel repousse une armée musulmane à Potiers 732
52%
Proclamation de la IIIe République 1870
43%
Élection de Nelson Mandela comme président de l'Afrique du Sud 1994
38%
Proclamation de l'édit de Nantes 1598
33%
1ʳᵉ traversée de la Manche en avion effectuée par Louis Blériot 1909
33%
Invasion du Tibet par la Chine 1950
33%
Invention de l'imprimerie par Gutenberg 1453
29%
Massacre de la Saint-Barthélémy 1572
29%
Assassinat d'Henri IV par François Ravaillac 1610
29%
Bataille de Valmy 1792
24%
Rattachement de Nice et du comté de la Savoie à la France 1860
24%
Élection impériale de Charles Quint à la tête du Saint-Empire romain germanique 1519
14%
1ʳᵉ greffe de cœur, effectuée en Afrique du Sud par Christiaan Barnard 1967
14%
Création de l'Église anglicane par Henri VIII 1534
10%
Ordonnance de Villers-Cotterêts 1539
10%
Dante Alighieri achève La Divine Comédie 1321
5%
Nicolas Copernic publie Des révolutions des sphères célestes 1543
5%
Fondation de la première université moderne, à Fès 859
0%
Aucun quiz correspondant
Distribution des résultats
% des personnes avec chaque résultat
Percentile par nombre de réponses
Votre historique - résultats
Vous n’avez pas pris ce quiz